| 000 | 00855cam a2200241 4500 | ||
|---|---|---|---|
| 001 | 14779 | ||
| 005 | 20230410102030.0 | ||
| 008 | 060907n1988 dr spa | ||
| 035 | _9funglode14904 | ||
| 041 | _aspa | ||
| 050 | 1 | 4 |
_a118 HD 5742.5 _bP855 1988 |
| 245 | 0 | 0 |
_aPosibilidades de dominicanización de la zafra azucarera / _cEditor, Frank Moya Pons. |
| 260 |
_aSanto Domingo : _bFORUM, _c1988 |
||
| 300 |
_a125 p. : _bmap ; _c22 cm. |
||
| 440 | 0 |
_aForum ; _v31 |
|
| 500 | _aTitle on spine: Dominicanización de la zafra azucarera. | ||
| 500 | _aPapers presented at a meeting of Forum, held May 21, 1987 in Santo Domingo | ||
| 650 | 0 |
_aLabor supply _zDominican Republic. |
|
| 650 | 0 |
_aSugarcane _xHarvesting _zDominican Republic. |
|
| 651 | 0 |
_aDominican Republic _xEconomic conditions |
|
| 700 | 2 |
_aMoya Pons, Frank, _d1944- |
|
| 942 |
_2lcc _cbk |
||
| 999 |
_c17647 _d17647 |
||